000
00238nam a22001097a 4500
100
_a
Paragon
245
_a
Invention & Technology:Building and structure
250
_a
2015
260
_b
Brown Bear Books
300
_a
64
942
_2
ddc
_c
BK
999
_c
12863
_d
12863